<?xml version="1.0" encoding="UTF-8"?>
<record
    xmlns:xsi="http://www.w3.org/2001/XMLSchema-instance"
    xsi:schemaLocation="http://www.loc.gov/MARC21/slim http://www.loc.gov/standards/marcxml/schema/MARC21slim.xsd"
    xmlns="http://www.loc.gov/MARC21/slim">

  <leader>01220nam a22002777a 4500</leader>
  <controlfield tag="005">20150715150658.0</controlfield>
  <controlfield tag="008">140702b        -uk||||| |||| 00| 0 spa d</controlfield>
  <datafield tag="040" ind1=" " ind2=" ">
    <subfield code="a">CO-BoIAVH</subfield>
    <subfield code="c">CO-BoIAVH</subfield>
  </datafield>
  <datafield tag="041" ind1=" " ind2=" ">
    <subfield code="a">spa</subfield>
  </datafield>
  <datafield tag="044" ind1=" " ind2=" ">
    <subfield code="a">xxk</subfield>
  </datafield>
  <datafield tag="082" ind1="0" ind2="4">
    <subfield code="a">593.6</subfield>
    <subfield code="b">B36e</subfield>
  </datafield>
  <datafield tag="100" ind1="1" ind2=" ">
    <subfield code="a">Beardon, Hannah</subfield>
    <subfield code="9">24579</subfield>
  </datafield>
  <datafield tag="245" ind1="1" ind2="4">
    <subfield code="a">Del caos a la esperanza : </subfield>
    <subfield code="b">cultura, pol&#xED;tica   y protecci&#xF3;n de los manglares en el Pac&#xED;fico colombiano</subfield>
    <subfield code="c">Hannah Beardon</subfield>
  </datafield>
  <datafield tag="260" ind1=" " ind2=" ">
    <subfield code="a">Reino Unido:</subfield>
    <subfield code="b">WWF,</subfield>
    <subfield code="c">2008.</subfield>
  </datafield>
  <datafield tag="300" ind1=" " ind2=" ">
    <subfield code="a">31 p.</subfield>
    <subfield code="b">fot. (col)</subfield>
    <subfield code="c">28 cm.</subfield>
  </datafield>
  <datafield tag="500" ind1=" " ind2=" ">
    <subfield code="a">Incluye glosario.</subfield>
  </datafield>
  <datafield tag="505" ind1=" " ind2=" ">
    <subfield code="a">La vida en el manglar:  una paradoja entre pobreza y bienestar (pag. 10)</subfield>
  </datafield>
  <datafield tag="505" ind1=" " ind2=" ">
    <subfield code="a">El ecosistema de manglar: importancia solo en el papel (pag. 14)</subfield>
  </datafield>
  <datafield tag="505" ind1=" " ind2=" ">
    <subfield code="a">El conversatorio: un espacio de encuentro y un proceso de participaci&#xF3;n ciudadana (pag. 16)</subfield>
  </datafield>
  <datafield tag="505" ind1=" " ind2=" ">
    <subfield code="a">Traducir capacidad en cambio: una cuesti&#xF3;n de oportunidades (pag. 22)</subfield>
  </datafield>
  <datafield tag="505" ind1=" " ind2=" ">
    <subfield code="a">Empoderamiento, cambio y conflicto:  c&#xF3;mo van las cosas (pag. 28)</subfield>
  </datafield>
  <datafield tag="650" ind1=" " ind2="6">
    <subfield code="a">Manglares</subfield>
    <subfield code="x">Aspectos ambientales</subfield>
    <subfield code="z">Pac&#xED;fico (Regi&#xF3;n, Colombia)</subfield>
    <subfield code="9">35847</subfield>
  </datafield>
  <datafield tag="650" ind1=" " ind2="6">
    <subfield code="a">Manglares</subfield>
    <subfield code="x">Protecci&#xF3;n</subfield>
    <subfield code="z">Colombia</subfield>
    <subfield code="9">35848</subfield>
  </datafield>
  <datafield tag="650" ind1=" " ind2="6">
    <subfield code="a">Manglares</subfield>
    <subfield code="z">Pac&#xED;fico (Regi&#xF3;n, Colombia)</subfield>
    <subfield code="9">35849</subfield>
  </datafield>
  <datafield tag="942" ind1=" " ind2=" ">
    <subfield code="2">ddc</subfield>
    <subfield code="c">Folleto</subfield>
  </datafield>
  <datafield tag="999" ind1=" " ind2=" ">
    <subfield code="c">8503</subfield>
    <subfield code="d">8503</subfield>
  </datafield>
  <datafield tag="952" ind1=" " ind2=" ">
    <subfield code="0">0</subfield>
    <subfield code="1">0</subfield>
    <subfield code="2">ddc</subfield>
    <subfield code="4">0</subfield>
    <subfield code="7">0</subfield>
    <subfield code="8">GENERAL</subfield>
    <subfield code="I">INV2017</subfield>
    <subfield code="a">Bogota</subfield>
    <subfield code="b">Bogota</subfield>
    <subfield code="d">2014-07-02</subfield>
    <subfield code="l">0</subfield>
    <subfield code="o">LB-593.6 B36e</subfield>
    <subfield code="p">029583</subfield>
    <subfield code="r">2014-07-02 00:00:00</subfield>
    <subfield code="t">Ej. 1</subfield>
    <subfield code="w">2014-07-02</subfield>
    <subfield code="x">Donaci&#xF3;n</subfield>
    <subfield code="y">Folleto</subfield>
  </datafield>
  <datafield tag="952" ind1=" " ind2=" ">
    <subfield code="0">0</subfield>
    <subfield code="1">0</subfield>
    <subfield code="2">ddc</subfield>
    <subfield code="4">0</subfield>
    <subfield code="7">0</subfield>
    <subfield code="8">GENERAL</subfield>
    <subfield code="I">INV2017</subfield>
    <subfield code="a">Venado</subfield>
    <subfield code="b">Venado</subfield>
    <subfield code="d">2015-07-15</subfield>
    <subfield code="l">0</subfield>
    <subfield code="o">LB-593.6 B36e</subfield>
    <subfield code="p">042045</subfield>
    <subfield code="r">2015-07-15 00:00:00</subfield>
    <subfield code="t">Ej. 2</subfield>
    <subfield code="w">2015-07-15</subfield>
    <subfield code="x">Donaci&#xF3;n</subfield>
    <subfield code="y">Folleto</subfield>
  </datafield>
</record>
